000 01641nam a2200469 i 4500
001 64669
003 FINmELB
005 20241217142548.0
006 m o u
007 cr cn|||||||||
008 200110s2017 sp ob 000 0 spa d
020 _z9788416919666
020 _a9788497849364
_q(e-book)
035 _a(OCoLC)1139505177
040 _aFINmELB
_bspa
_erda
_cFINmELB
050 1 4 _aBD331
_bT915 2017
080 _a111.11
082 0 4 _a111
_223
100 1 _aTugendhat, Ernst.
245 1 0 _aSer-verdad-acción :
_bensayos filosóficos /
_cErnst Tugendhat.
264 1 _aBarcelona :
_bEditorial Gedisa,
_c2017.
300 _a1 recurso en línea (273 páginas)
336 _atexto
_btxt
_2rdamedia/spa
337 _acomputadora
_bc
_2rdamedia/spa
338 _arecurso en línea
_2rdacarrier/spa
490 1 _aColección Hombre y sociedad. Serie Cla-de-ma
504 _aContiene bibliografía.
588 _aDescripción basada en metadatos suministrados por el editor y otras fuentes.
590 _aRecurso electrónico. Santa Fe, Arg.: elibro, 2020. Disponible vía World Wide Web. El acceso puede estar limitado para las bibliotecas afiliadas a elibro.
650 0 _aOntology.
650 0 _aSemantics (Philosophy)
650 0 _aEthics.
650 4 _aOntología.
650 4 _aSemántica (Filosofía)
650 4 _aÉtica.
655 4 _aLibros electrónicos.
797 2 _aelibro, Corp.
830 0 _aColección Hombre y sociedad. Serie Cla-de-ma.
856 4 0 _uhttps://elibro.net/ereader/politecnicointernacional/118198
999 _c64669
_d64669